00295nam a2200121Ia 4500008004100000041000900041082001900050100002800069245002500097260003500122300000800157650000800165230718s9999 xx 000 0 und d aEng. a346.549bANU-T aAnual, Mehemmed Ghenes  4aThe Partovership Act aPakistanbKanye brothersc2003 a112 aLaw